Education physique, sports et tuberculose pulmonaire ... (Record no. 38445)
[ view plain ]
| 000 -LEADER | |
|---|---|
| fixed length control field | 00533cam a22002051 4500 |
| 001 - CONTROL NUMBER | |
| control field | med47001883 |
| 003 - CONTROL NUMBER IDENTIFIER | |
| control field | DLC |
| 005 - DATE AND TIME OF LATEST TRANSACTION | |
| control field | 20260227111604.0 |
| 008 - FIXED-LENGTH DATA ELEMENTS--GENERAL INFORMATION | |
| fixed length control field | 810815s1946 xx a 000 0 fre |
| 010 ## - LIBRARY OF CONGRESS CONTROL NUMBER | |
| LC control number | med47001883 |
| 035 ## - SYSTEM CONTROL NUMBER | |
| System control number | (OCoLC)14736573 |
| 040 ## - CATALOGING SOURCE | |
| Original cataloging agency | DLC |
| Transcribing agency | DNLM |
| Modifying agency | DLC |
| 042 ## - AUTHENTICATION CODE | |
| Authentication code | premarc |
| 050 00 - LIBRARY OF CONGRESS CALL NUMBER | |
| Classification number | RC311.1 |
| Item number | .W415 |
| 060 0# - NATIONAL LIBRARY OF MEDICINE CALL NUMBER | |
| Classification number | WF 315 |
| Item number | W422e 1946 |
| 100 1# - MAIN ENTRY--PERSONAL NAME | |
| Personal name | Weiller, Pierre. |
| 245 10 - TITLE STATEMENT | |
| Title | Education physique, sports et tuberculose pulmonaire ... |
| 260 ## - PUBLICATION, DISTRIBUTION, ETC. | |
| Place of publication, distribution, etc. | Paris, |
| Name of publisher, distributor, etc. | Vigot, |
| Date of publication, distribution, etc. | 1946. |
| 300 ## - PHYSICAL DESCRIPTION | |
| Extent | 320 p. |
| Other physical details | ill. |
No items available.